000 00528nam a22001937a 4500
003 MPLRDC
005 20220104191637.0
008 210129b ||||| |||| 00| 0 eng d
020 _a978-986-6158-58-2
082 _a876.57 AUB
100 _aFLORENCE AUBENAS
245 _a资深记者化身底层阶级180天
_c颜湘如 译
250 _a初版
260 _a台湾
_b野人文化股份有限公司
_c2011
300 _b
490 _a地球观: 14
650 _a法国文学--长篇小说
942 _cBK
_o876.57 AUB
999 _c64345
_d64335